000 00660nam a2200229Ia 4500
003 OSt
005 20220925212020.0
006 a|||||r|||| 00| 0
007 ta
008 220923b |||||||| |||| 00| 0 eng d
037 _cGeneral Book
040 _aRTL
_cRTL
_beng
041 _2eng
_aeng
082 _aY:5231:(B), L8
100 _aSantow Gigi
_9275904
245 0 _aSimulation approach to the study of human fertilit
260 _aLeiden
_bM Nijhoff Social Science Division
_c1978
300 _ax, 215p
_ccm.
500 _aBibliography: P 201-15
942 _hY:5231:(B), L8
_cGB
_2CC
999 _c559299
_d559299